000 02544cam a22004934i 4500
003 PE-LiUPU
005 20250731165552.0
008 150625s r 000 0 d
035 _a(Sirsi) a34553
035 _a(Sirsi) a34553
040 _aPE-LiUPU
_bspa
_cPE-LiUPU
_erda
082 0 4 _a985.04
_bD
_223
245 1 0 _aMemorias, diarios y crónicas :
_nVolumen 1. /
_crecopilación y prólogo de Felix Denegri Luna.
264 1 _aLima :
_bComisión Nacional del Sesquicentenario de la Independencia del Perú,
_c[1971].
300 _a556 páginas ;
_c24 centímetros.
336 _atext
_2rdacontent
337 _aunmediated
_2rdamedia
338 _avolume
_2rdacarrier
490 0 _aColección Documental de la Independencia del Perú ;
_v26
500 _a"Año del sesquicentenario de la Independencia Nacional"
505 _aMEMORIA DE LOS MERITOS Y SERVICIOS, DE JOSE RIBADENEIRA Y TEXADA, GENERAL DE BRIGADA DEL EJERCITO DEL PERU -- LA FLORESTA ESPAÑOLA PERUANA -- MEMORIAS DEL GENERAL DON JUAN PARDO DE ZELA, ESPAÑOL AL SERVICIO DE BUENOS AIRES Y DEL PERU -- DON JOSE MÂNUEL DE GOYENECHE (MEMORIAS DE LAS CAMPAÑAS DE TUCUMAN Y SALTA) -- JOAQUIN DE LA PEZUELA. MEMORIA MILITAR DEL GENERAL PEZUELA (1813 - 1815) -- IGNACIO ALVAREZ THOMAS: MEMORANDUM PARA MI FAMILIA – JUAN JOSE ALCON. - DIARIO DE LA EXPEDICION DEL MARISCAL DE CAMPO DON JUAN RAMIREZ, SOBRE LAS PR0VINCIAS INTERIORES DE LA PAZ, PUNO, AREQUIPA Y CUZCO -- MANUEL PARD0 Y RIVADENEIRA. - MEMORIA HISTORICA SOBRE LA REVO LUCION DE 1814 -- GUILLERMO BROWN. - MEMORIA DE LAS OPERACIONES DE LA MARINA DE LA REPUBLICA ARGENTINA -- JUAN ISIDRO QUESADA. – NOTICIAS SOBRE SU VIDA Y SERVICIOS (FRAGMENTO).
526 _aSEG44
526 _aSEG26
526 _aP151
526 _aP150
526 _aP149
526 _aP146
526 _aP145
526 _aP126
526 _aP125
526 _aP92
526 _aP75
526 _aP74
526 _aP27
526 _aP15
650 0 4 _aLibertadores
_xDiarios
_zPerú.
651 _aPerú
_xHistoria
_yEmancipación, 1808-1824
_vDocumentos.
700 1 _aDenegri Luna, Félix,
_d1919-1998,
_ecompilador.
710 2 _a.Comisión Nacional del Sesquicentenario de la Independencia del Perú
942 _2ddc
_cBK
949 _aRC 985.04 D 26 / 1
_wDEWEY
_c1
_i17050
_lRC
_mBUL
_r0
_sY
_tBOOK
_u2015-6-25
_xBIBLIOTECA
_zUNKNOWN
_0COMPRA
_o.CIRCNOTE. No olvidar cambiar la fecha de devolución!!!!!!!
_o.STAFF. Colección General
980 _81
_gALBERTO SANCHEZ Responsable de Automatización
999 _c42422
_d42422